000 00508nam a2200157Ia 4500
008 231217s9999 xx 000 0 und d
041 _aEnglish
082 _a511 VAS.1 R
100 _aVasudev, C Ashok Kumar Hussain, Syed Hyder
245 0 _aDiscrete mathematics computer organisation mathematics-1 : I sem. MCA, VTU
250 _a1st ed.
260 _c2004
_bSubhas Publ.
_aBangalore
300 _a351
650 _aDiscrete,mathematics,computer,organisation,mathematics-1,:,sem.,MCA,
942 _cAA
999 _c176058
_d176058